[Event "GER-chT U20"]
[Site "Braunschweig"]
[Date "2019.12.29"]
[Round "6.2"]
[White "Elier, Ali"]
[Black "Roehr, Tobias"]
[Result "0-1"]
[WhiteElo "2032"]
[BlackElo "2103"]
[PlyCount "56"]
[EventDate "2019.12.27"]
[EventType "team-swiss"]
[EventRounds "7"]
[EventCountry "GER"]
[SourceTitle "CBM 194 Extra"]
[Source "ChessBase"]
[SourceDate "2020.03.31"]
[SourceVersion "1"]
[SourceVersionDate "2020.03.31"]
[SourceQuality "1"]
[WhiteTeam "Brackel"]
[BlackTeam "Magdeburg Aufbau Elbe"]
[WhiteTeamCountry "GER"]
[BlackTeamCountry "GER"]

1. e4 c5 2. d4 cxd4 3. c3 Nf6 4. e5 Nd5 5. Nf3 Nc6 6. Bc4 e6 7. cxd4 d6 8. 0-0 Be7 9. a3 0-0 10. Qe2 b6 11. Bd3 Qc7 12. Qe4 f5 13. exf6 Nxf6 14. Qh4 d5 15. Bg5 h6 16. Bf4 Qb7 17. Be5 Nd7 18. Qg4 Ndxe5 19. dxe5 Bg5 20. Nxg5 Nxe5 21. Bh7+ Kh8 22. Qh5 Qe7 23. Nh3 Nf3+ 24. gxf3 Kxh7 25. Re1 e5 26. Rxe5 Qf6 27. f4 g6 28. Qf3 Qxe5 0-1

[Event "GER-chT U20"]
[Site "Braunschweig"]
[Date "2019.12.29"]
[Round "5.1"]
[White "Roehr, Tobias"]
[Black "Dechant, Georg"]
[Result "1-0"]
[WhiteElo "2103"]
[BlackElo "2065"]
[PlyCount "63"]
[EventDate "2019.12.27"]
[EventType "team-swiss"]
[EventRounds "7"]
[EventCountry "GER"]
[SourceTitle "CBM 194 Extra"]
[Source "ChessBase"]
[SourceDate "2020.03.31"]
[SourceVersion "1"]
[SourceVersionDate "2020.03.31"]
[SourceQuality "1"]
[WhiteTeam "Magdeburg Aufbau Elbe"]
[BlackTeam "Regensburg Bavaria"]
[WhiteTeamCountry "GER"]
[BlackTeamCountry "GER"]

1. d4 Nf6 2. c4 c5 3. d5 e6 4. Nc3 exd5 5. cxd5 d6 6. Nf3 g6 7. Bf4 Bg7 8. h3 0-0 9. e3 a6 10. a4 Nh5 11. Bh2 f5 12. Nd2 Qe7 13. Be2 f4 14. e4 Nf6 15. Qc2 Nfd7 16. g3 Bh6 17. gxf4 Bxf4 18. Bxf4 Rxf4 19. Nc4 Qh4 20. Nxd6 Rxf2 21. Kd1 Ne5 22. Nxc8 Nbd7 23. Nd6 Qe7 24. Nc4 Nxc4 25. Bxc4 Qf7 26. d6 Qxc4 27. Qxf2 Ne5 28. Qd2 Nd3 29. Kc2 Nb4+ 30. Kb1 Rf8 31. d7 Nd3 32. Rd1 1-0

[Event "Berlin Lichtenrade op 15th"]
[Site "Berlin"]
[Date "2019.10.19"]
[Round "8"]
[White "Miettinen, Teemu"]
[Black "Roehr, Tobias"]
[Result "1-0"]
[WhiteElo "2002"]
[BlackElo "2123"]
[PlyCount "67"]
[EventDate "2019.10.12"]
[EventType "swiss"]
[EventRounds "9"]
[EventCountry "GER"]
[SourceTitle "CBM 192 Extra"]
[Source "Chessbase"]
[SourceDate "2019.11.06"]
[SourceVersion "1"]
[SourceVersionDate "2019.11.06"]
[SourceQuality "1"]

1. d4 Nf6 2. c4 g6 3. Nc3 d5 4. cxd5 Nxd5 5. e4 Nxc3 6. bxc3 Bg7 7. Bb5+ c6 8. Ba4 0-0 9. Ne2 Nd7 10. 0-0 b5 11. Bb3 Bb7 12. Ng3 e5 13. Be3 Qh4 14. Qd2 h6 15. f4 exd4 16. cxd4 Nf6 17. Bd1 Rfd8 18. Rc1 a5 19. f5 Nxe4 20. Nxe4 Qxe4 21. Rf4 Qe8 22. fxg6 fxg6 23. Bb3+ Kh7 24. Rf7 Rd7 25. Rcf1 Rad8 26. Bxh6 Rxf7 27. Rxf7 Qxf7 28. Bxf7 Bxh6 29. Qd3 Rd6 30. Qe4 Ba6 31. Qe5 Bf8 32. h4 Bc8 33. Qe8 Kg7 34. Bb3 1-0

[Event "Berlin Lichtenrade op 15th"]
[Site "Berlin"]
[Date "2019.10.16"]
[Round "5"]
[White "Roehr, Tobias"]
[Black "Pixa, Richard"]
[Result "1-0"]
[WhiteElo "2123"]
[BlackElo "2075"]
[PlyCount "33"]
[EventDate "2019.10.12"]
[EventType "swiss"]
[EventRounds "9"]
[EventCountry "GER"]
[SourceTitle "CBM 192 Extra"]
[Source "Chessbase"]
[SourceDate "2019.11.06"]
[SourceVersion "1"]
[SourceVersionDate "2019.11.06"]
[SourceQuality "1"]

1. d4 d5 2. c4 e6 3. Nc3 c6 4. e4 dxe4 5. Nxe4 Bb4+ 6. Bd2 Qxd4 7. Bxb4 Qxe4+ 8. Be2 Na6 9. Bd6 Ne7 10. Nf3 f6 11. 0-0 Qf5 12. Re1 Kf7 13. Nd4 Qa5 14. Bh5+ Ng6 15. c5 Re8 16. f4 Qd8 17. f5 1-0

[Event "Berlin Lichtenrade op 15th"]
[Site "Berlin"]
[Date "2019.10.15"]
[Round "4"]
[White "Kutschke, Jens"]
[Black "Roehr, Tobias"]
[Result "0-1"]
[WhiteElo "2002"]
[BlackElo "2123"]
[PlyCount "84"]
[EventDate "2019.10.12"]
[EventType "swiss"]
[EventRounds "9"]
[EventCountry "GER"]
[SourceTitle "CBM 195 Extra"]
[Source "ChessBase"]
[SourceDate "2020.05.31"]
[SourceVersion "1"]
[SourceVersionDate "2020.05.31"]
[SourceQuality "1"]

1. e4 c5 2. Nf3 e6 3. d4 cxd4 4. Nxd4 Nc6 5. Be3 Qc7 6. Nc3 a6 7. a3 b5 8. Be2 Bb7 9. 0-0 Rc8 10. Kh1 Na5 11. f4 Nf6 12. Bf3 d6 13. Qe1 h5 14. Rd1 Be7 15. Bc1 g6 16. e5 dxe5 17. fxe5 Nd7 18. Bxb7 Nxb7 19. Qg3 Qxe5 20. Bf4 Qg7 21. Nf3 h4 22. Qe1 Rh5 23. Qd2 Nb6 24. Be3 Rd8 25. Qf2 Nc4 26. Rxd8+ Nxd8 27. Bd4 Qh6 28. Ne4 Rf5 29. Qe2 Nc6 30. Bc3 g5 31. Re1 Qg6 32. a4 Kf8 33. axb5 axb5 34. b3 Nb6 35. Nd4 Nxd4 36. Bxd4 Nd7 37. Qd3 Kg8 38. Ra1 Nf6 39. Nxf6+ Bxf6 40. Rd1 Bxd4 41. Qxd4 Rd5 42. Qg4 Qe4 0-1

[Event "Oberliga Ost-A 1920"]
[Site "Germany"]
[Date "2019.09.29"]
[Round "1.2"]
[White "Hollan, Petr"]
[Black "Roehr, Tobias"]
[Result "1/2-1/2"]
[WhiteElo "2315"]
[BlackElo "2113"]
[PlyCount "113"]
[EventDate "2019.09.29"]
[EventType "team-tourn"]
[EventRounds "11"]
[EventCountry "GER"]
[SourceTitle "EXT 2021"]
[Source "ChessBase"]
[SourceDate "2020.10.23"]
[SourceVersion "1"]
[SourceVersionDate "2020.10.23"]
[SourceQuality "1"]
[WhiteTeam "Magdeburg Rochade"]
[BlackTeam "Magdeburg Aufbau Elbe II"]
[WhiteTeamCountry "GER"]
[BlackTeamCountry "GER"]

1. e4 c5 2. Nf3 e6 3. d4 cxd4 4. Nxd4 Nc6 5. Nc3 Qc7 6. Be3 a6 7. f4 b5 8. Qd2 Bb7 9. Bd3 Nf6 10. e5 Ng4 11. Bg1 Bc5 12. Nxc6 Bxg1 13. Rxg1 Bxc6 14. 0-0-0 Qa7 15. Ne4 Bxe4 16. Bxe4 Rc8 17. Qd4 Qxd4 18. Rxd4 Rc7 19. h3 Ne3 20. b3 Ke7 21. Re1 Nf5 22. Bxf5 exf5 23. Red1 Rhc8 24. R1d2 Ra7 25. Rd5 Rc6 26. Rd6 Rac7 27. Kb2 Ke8 28. R6d4 h5 29. a4 Rc5 30. axb5 axb5 31. Rd5 b4 32. Rxc5 Rxc5 33. Rd4 g5 34. Rxb4 gxf4 35. Rxf4 Rxe5 36. Rb4 f4 37. Rxf4 Rg5 38. g4 hxg4 39. hxg4 Kd8 40. Kc3 Kc7 41. Kd3 Kd6 42. Ke3 Ke6 43. Ra4 f5 44. gxf5+ Rxf5 45. Rf4 Rh5 46. Kd4 Kd6 47. Kc3 Kc5 48. Rc4+ Kb5 49. Rc7 Rd5 50. b4 Kb6 51. Rc4 Rh5 52. Rg4 Rh3+ 53. Kb2 Kb5 54. Rd4 Ka4 55. Rxd7 Kxb4 56. Rc7 Rh2 57. Rd7 1/2-1/2

[Event "GER-ch U16"]
[Site "Willingen"]
[Date "2019.06.12"]
[Round "6"]
[White "Roehr, Tobias"]
[Black "Gutkin, Ilya"]
[Result "0-1"]
[WhiteElo "2208"]
[BlackElo "2041"]
[PlyCount "64"]
[EventDate "2019.06.08"]
[EventType "swiss"]
[EventRounds "9"]
[EventCountry "GER"]
[SourceTitle "CBM 191 Extra"]
[Source "ChessBase"]
[SourceDate "2019.09.30"]
[SourceVersion "1"]
[SourceVersionDate "2019.09.30"]
[SourceQuality "1"]

1. d4 e6 2. c4 Bb4+ 3. Nd2 c5 4. a3 Bxd2+ 5. Qxd2 cxd4 6. Nf3 Nf6 7. Nxd4 d5 8. e3 0-0 9. cxd5 Qxd5 10. Nb5 Qxd2+ 11. Bxd2 Nc6 12. Be2 Ne4 13. Bb4 Nxb4 14. axb4 a6 15. Nc7 Rb8 16. Rd1 Nf6 17. b5 Bd7 18. b6 Bc6 19. Bf3 Bxf3 20. gxf3 Rfd8 21. Ke2 Kf8 22. f4 g6 23. Rd4 Rxd4 24. exd4 Rd8 25. Rc1 Ke7 26. Rc4 Kd6 27. Kd3 Nd7 28. Rb4 Kc6 29. Ke4 Nxb6 30. Nxe6 fxe6 31. Ke5 Re8 32. h4 Nd7+ 0-1

[Event "GER-ch U16"]
[Site "Willingen"]
[Date "2019.06.09"]
[Round "2"]
[White "Roehr, Tobias"]
[Black "Jeschke, Jan"]
[Result "1-0"]
[WhiteElo "2208"]
[BlackElo "1871"]
[PlyCount "81"]
[EventDate "2019.06.08"]
[EventType "swiss"]
[EventRounds "9"]
[EventCountry "GER"]
[SourceTitle "CBM 191 Extra"]
[Source "ChessBase"]
[SourceDate "2019.09.30"]
[SourceVersion "1"]
[SourceVersionDate "2019.09.30"]
[SourceQuality "1"]

1. d4 Nf6 2. c4 e6 3. Nf3 Bb4+ 4. Nbd2 b6 5. a3 Bxd2+ 6. Bxd2 Ba6 7. Qc2 0-0 8. Bg5 c5 9. e4 Qc7 10. e5 Nh5 11. g4 Bb7 12. Be2 f6 13. Rg1 Bxf3 14. gxh5 fxg5 15. Bxf3 Rxf3 16. Qe4 Nc6 17. Qxf3 Rf8 18. Qg4 Nxd4 19. 0-0-0 Rxf2 20. Qxg5 Ne2+ 21. Kb1 Nxg1 22. Rxg1 Rf7 23. h6 g6 24. Rd1 Rf5 25. Qe7 Qxe5 26. Qxd7 Rf7 27. Qc8+ Rf8 28. Qb7 Qf6 29. Qxa7 e5 30. h4 e4 31. Re1 e3 32. Rxe3 Qf1+ 33. Ka2 Qxc4+ 34. Rb3 Rf7 35. Qb8+ Rf8 36. Qxb6 Qd5 37. Qb7 Qd4 38. Rc3 c4 39. Qc6 Qxh4 40. Qe6+ Rf7 41. Rxc4 1-0

[Event "Karlsruhe Grenke op"]
[Site "Karlsruhe"]
[Date "2019.04.20"]
[Round "4"]
[White "Roehr, Tobias"]
[Black "Pranav, Anand"]
[Result "1/2-1/2"]
[WhiteElo "2184"]
[BlackElo "2359"]
[PlyCount "53"]
[EventDate "2019.04.18"]
[EventType "swiss"]
[EventRounds "9"]
[EventCountry "GER"]
[SourceTitle "CBM 189 Extra"]
[Source "ChessBase"]
[SourceDate "2019.06.03"]
[SourceVersion "1"]
[SourceVersionDate "2019.06.03"]
[SourceQuality "1"]

1. d4 Nf6 2. c4 e6 3. Nf3 d5 4. Nc3 Bb4 5. Qa4+ Nc6 6. Bg5 h6 7. Bxf6 Qxf6 8. e3 0-0 9. Be2 dxc4 10. Bxc4 Bd7 11. 0-0 Bxc3 12. bxc3 Rfd8 13. Be2 e5 14. Qc2 Qe7 15. Rab1 b6 16. Rb5 a6 17. Rd5 exd4 18. Nxd4 Qf6 19. Rxd7 Rxd7 20. Nxc6 Re8 21. Bf3 Rd6 22. Nb4 b5 23. h3 Red8 24. Qb3 c5 25. Nd5 Qe5 26. e4 c4 27. Qa3 1/2-1/2

[Event "Sachsen-Anhalt Verbandsliga 18/19"]
[Site "Sachsen Anhalt"]
[Date "2019.04.06"]
[Round "8.1"]
[White "Schubert, Ralf"]
[Black "Roehr, Tobias"]
[Result "1/2-1/2"]
[WhiteElo "2107"]
[BlackElo "2211"]
[PlyCount "94"]
[EventDate "2018.10.21"]
[EventType "team-tourn"]
[EventRounds "9"]
[EventCountry "GER"]
[SourceTitle "EXT 2022"]
[Source "ChessBase"]
[SourceDate "2021.10.06"]
[SourceVersion "1"]
[SourceVersionDate "2021.10.06"]
[SourceQuality "1"]
[WhiteTeam "Dessau"]
[BlackTeam "Magdeburg Aufbau Elbe III"]
[WhiteTeamCountry "GER"]
[BlackTeamCountry "GER"]

1. d4 Nf6 2. c4 e6 3. Nc3 Bb4 4. Qc2 b6 5. a3 Bxc3+ 6. Qxc3 Ne4 7. Qc2 Bb7 8. Nf3 c5 9. dxc5 bxc5 10. e3 0-0 11. Bd3 f5 12. 0-0 Rf6 13. Nd2 Rh6 14. Nxe4 fxe4 15. Be2 Nc6 16. f4 Qh4 17. h3 Rg6 18. Bg4 Ne7 19. Qf2 Qh6 20. b4 Rf8 21. Bb2 Nf5 22. Rad1 d6 23. Bxf5 exf5 24. Kh2 cxb4 25. axb4 Rc8 26. c5 Ba6 27. Rg1 Bd3 28. Bd4 d5 29. Ra1 a6 30. Be5 Qh5 31. Ra5 Rcc6 32. Bd6 Rh6 33. Re1 Qf7 34. Qb2 Re6 35. Rea1 h5 36. Qd4 Re8 37. g3 Kh7 38. Be5 Re7 39. Qb2 Rb7 40. Bc3 Qd7 41. Be1 Qe7 42. Qd4 Qf7 43. Bc3 Bc4 44. Rg1 Rh6 45. Rg2 Bf1 46. Rg1 Bc4 47. Rg2 Bf1 1/2-1/2

[Event "Sachsen-Anhalt Verbandsliga 18/19"]
[Site "Sachsen Anhalt"]
[Date "2019.03.24"]
[Round "7.1"]
[White "Roehr, Tobias"]
[Black "Hoffmann, Lennard"]
[Result "1-0"]
[WhiteElo "2211"]
[BlackElo "1996"]
[PlyCount "81"]
[EventDate "2018.10.21"]
[EventType "team-tourn"]
[EventRounds "9"]
[EventCountry "GER"]
[SourceTitle "EXT 2022"]
[Source "ChessBase"]
[SourceDate "2021.10.06"]
[SourceVersion "1"]
[SourceVersionDate "2021.10.06"]
[SourceQuality "1"]
[WhiteTeam "Magdeburg Aufbau Elbe III"]
[BlackTeam "Merseburg"]
[WhiteTeamCountry "GER"]
[BlackTeamCountry "GER"]

1. d4 Nf6 2. c4 c5 3. d5 b5 4. cxb5 a6 5. bxa6 g6 6. Nc3 Bxa6 7. e4 Bxf1 8. Kxf1 d6 9. Nge2 Bg7 10. h3 0-0 11. Kg1 Nbd7 12. Kh2 Ra6 13. Qc2 Qa8 14. Rd1 e6 15. dxe6 fxe6 16. Bf4 d5 17. exd5 exd5 18. Qd3 d4 19. Nb5 Nd5 20. Bg3 N7b6 21. a3 Qc6 22. Nbxd4 c4 23. Qc2 Qf6 24. Nc3 Nf4 25. Ne4 Qe7 26. Nc6 Qb7 27. Bxf4 Rxf4 28. Nc5 Qxc6 29. Nxa6 Bd4 30. Nb4 Qd6 31. g3 Rf7 32. Qd2 Rd7 33. Nc2 Be5 34. Qxd6 Bxd6 35. Ne3 Kf7 36. Kg2 Ke6 37. Rac1 Rc7 38. Rd4 Ke5 39. Rcd1 Be7 40. Nd5 Bc5 41. f4+ 1-0

[Event "Sachsen-Anhalt Verbandsliga 18/19"]
[Site "Sachsen Anhalt"]
[Date "2019.02.03"]
[Round "5.1"]
[White "Roehr, Tobias"]
[Black "Michel, Steffen"]
[Result "1-0"]
[WhiteElo "2189"]
[BlackElo "2148"]
[PlyCount "107"]
[EventDate "2018.10.21"]
[EventType "team-tourn"]
[EventRounds "9"]
[EventCountry "GER"]
[SourceTitle "EXT 2022"]
[Source "ChessBase"]
[SourceDate "2021.10.06"]
[SourceVersion "1"]
[SourceVersionDate "2021.10.06"]
[SourceQuality "1"]
[WhiteTeam "Magdeburg Aufbau Elbe III"]
[BlackTeam "Graefenhainichen"]
[WhiteTeamCountry "GER"]
[BlackTeamCountry "GER"]

1. d4 Nf6 2. c4 e6 3. Nf3 d5 4. cxd5 exd5 5. Bg5 Be7 6. e3 h6 7. Bf4 Ne4 8. Bd3 c6 9. Nbd2 Bf5 10. Bxe4 dxe4 11. Ne5 0-0 12. Qb3 Qb6 13. Qc2 Bb4 14. 0-0 Bxd2 15. Nc4 Qb5 16. Nxd2 Nd7 17. Nc4 Bh7 18. Nd6 Qa6 19. Nxe4 Rfe8 20. f3 Qb5 21. Qf2 Bxe4 22. fxe4 f6 23. Qf3 Qd3 24. Qg4 Re7 25. e5 g5 26. Rf3 Kh7 27. Bg3 Rf8 28. Raf1 f5 29. Rxf5 Qxe3+ 30. Bf2 Qd3 31. Rxf8 Nxf8 32. h4 Ne6 33. hxg5 Nxg5 34. Bh4 Rg7 35. Qf5+ Qxf5 36. Rxf5 Ne6 37. Bf2 Rd7 38. Rf6 Nxd4 39. Rd6 Rxd6 40. exd6 Ne6 41. d7 Kg6 42. Bh4 Kf5 43. d8Q Nxd8 44. Bxd8 Ke4 45. Kf2 Kd3 46. Kg3 Kc2 47. Bf6 a5 48. Kh4 b5 49. Kh5 c5 50. Kxh6 b4 51. g4 c4 52. g5 a4 53. g6 c3 54. bxc3 1-0

[Event "GER-chT U20"]
[Site "Osnabrueck"]
[Date "2018.12.29"]
[Round "6.4"]
[White "Hoppe, Andreas"]
[Black "Roehr, Tobias"]
[Result "0-1"]
[WhiteElo "1979"]
[BlackElo "2189"]
[PlyCount "77"]
[EventDate "2018.12.27"]
[EventType "team-swiss"]
[EventRounds "7"]
[EventCountry "GER"]
[SourceTitle "CBM 188 Extra"]
[Source "ChessBase"]
[SourceDate "2019.02.26"]
[SourceVersion "1"]
[SourceVersionDate "2019.02.26"]
[SourceQuality "1"]
[WhiteTeam "Hagen"]
[BlackTeam "Magdeburg Aufbau Elbe"]
[WhiteTeamCountry "GER"]
[BlackTeamCountry "GER"]

1. d4 Nf6 2. Bf4 d5 3. e3 e6 4. Nf3 c5 5. c3 Nc6 6. Bd3 Bd6 7. Bg3 0-0 8. 0-0 cxd4 9. exd4 Ne4 10. Nbd2 Nxg3 11. hxg3 Rb8 12. Re1 b5 13. Qe2 a6 14. a4 bxa4 15. Reb1 a5 16. Bb5 Qb6 17. Bxa4 Ba6 18. Qe3 Ne7 19. g4 Ng6 20. Bc2 Bf4 21. Qe1 Rbe8 22. g3 Bd6 23. Qe3 Qc7 24. Kg2 e5 25. dxe5 Nxe5 26. Rh1 Ng6 27. Qg5 h6 28. Qf5 Re2 29. Bd3 Bxd3 30. Qxd3 Rfe8 31. Nd4 R2e7 32. Nb5 Qb8 33. Nxd6 Qxd6 34. Rxa5 Re2 35. Nc4 Qf6 36. Rf1 dxc4 37. Qxc4 Rxb2 38. Rf5 Qe6 39. Qxe6 0-1

[Event "Sachsen-Anhalt Verbandsliga 18/19"]
[Site "Sachsen Anhalt"]
[Date "2018.11.25"]
[Round "3.1"]
[White "Roehr, Tobias"]
[Black "Praczyk, Karl"]
[Result "1-0"]
[WhiteElo "2190"]
[BlackElo "2031"]
[PlyCount "107"]
[EventDate "2018.10.21"]
[EventType "team-tourn"]
[EventRounds "9"]
[EventCountry "GER"]
[SourceTitle "EXT 2022"]
[Source "ChessBase"]
[SourceDate "2021.10.06"]
[SourceVersion "1"]
[SourceVersionDate "2021.10.06"]
[SourceQuality "1"]
[WhiteTeam "Magdeburg Aufbau Elbe III"]
[BlackTeam "Coethen Germania"]
[WhiteTeamCountry "GER"]
[BlackTeamCountry "GER"]

1. d4 Nf6 2. c4 d6 3. Nc3 Nbd7 4. e4 e5 5. Nf3 Be7 6. Be2 c6 7. 0-0 Qc7 8. b4 a5 9. b5 exd4 10. Nxd4 Nc5 11. Ba3 g5 12. Re1 Bd7 13. bxc6 bxc6 14. Nf5 Bxf5 15. exf5 Rd8 16. Bf3 Kf8 17. Qd4 g4 18. Bxc6 Rg8 19. Nd5 Nxd5 20. cxd5 f6 21. Rab1 Rb8 22. Qe3 Rg7 23. g3 Na6 24. Qe4 Nc5 25. Bxc5 dxc5 26. Qe6 Rf7 27. d6 Bxd6 28. Rxb8+ Qxb8 29. Bd5 Qc7 30. Kg2 Kg7 31. Qxf7+ Qxf7 32. Bxf7 Kxf7 33. f3 gxf3+ 34. Kxf3 Be5 35. Rc1 Bd4 36. Ke4 Kg7 37. Kd5 Kh6 38. Rxc5 Bxc5 39. Kxc5 Kg5 40. Kb5 Kxf5 41. Kxa5 Kg4 42. Kb4 Kh3 43. a4 f5 44. a5 Kxh2 45. a6 Kxg3 46. a7 f4 47. a8Q f3 48. Qg8+ Kh2 49. Qxh7+ Kg1 50. Qg6+ Kh2 51. Qh5+ Kg2 52. Qg4+ Kf2 53. Kc3 Ke3 54. Qe6+ 1-0

[Event "Berlin Lichtenrade op 14th"]
[Site "Berlin"]
[Date "2018.10.29"]
[Round "3"]
[White "Roehr, Tobias"]
[Black "Moewisch, Dave"]
[Result "1-0"]
[WhiteElo "2190"]
[BlackElo "1875"]
[PlyCount "67"]
[EventDate "2018.10.27"]
[EventType "swiss"]
[EventRounds "9"]
[EventCountry "GER"]
[SourceTitle "CBM 187 Extra"]
[Source "ChessBase"]
[SourceDate "2018.11.04"]
[SourceVersion "1"]
[SourceVersionDate "2018.11.04"]
[SourceQuality "1"]

1. d4 d5 2. c4 e6 3. Nc3 Nf6 4. cxd5 Nxd5 5. e4 Nxc3 6. bxc3 c5 7. Nf3 cxd4 8. cxd4 Bb4+ 9. Bd2 Bxd2+ 10. Qxd2 0-0 11. Bc4 Nc6 12. 0-0 Na5 13. Bd3 b6 14. Rad1 Bb7 15. Qf4 Rc8 16. e5 Bxf3 17. Qxf3 Nc6 18. Rfe1 Ne7 19. Re4 g6 20. h4 Nd5 21. Rg4 f5 22. Rg5 Rc3 23. Qg3 Ne7 24. h5 Kg7 25. hxg6 hxg6 26. Qf3 Qd5 27. Qf4 Rd8 28. Rg3 Rf8 29. Rh3 Kf7 30. Qg5 Ke8 31. Bb5+ Rc6 32. Bxc6+ Qxc6 33. Rc1 Qd7 34. Rhc3 1-0

[Event "Sachsen-Anhalt Verbandsliga 2017/18"]
[Site "Sachsen Anhalt"]
[Date "2017.12.10"]
[Round "3.3"]
[White "Boehm, Christian"]
[Black "Roehr, Tobias"]
[Result "1/2-1/2"]
[WhiteElo "2040"]
[BlackElo "2053"]
[PlyCount "65"]
[EventDate "2017.12.22"]
[EventType "team-tourn"]
[EventRounds "9"]
[EventCountry "GER"]
[SourceTitle "EXT 2020"]
[Source "ChessBase"]
[SourceDate "2019.10.17"]
[SourceVersion "1"]
[SourceVersionDate "2019.10.17"]
[SourceQuality "1"]
[WhiteTeam "Loeberitz II"]
[BlackTeam "Magdeburg Aufbau Elbe II"]
[WhiteTeamCountry "GER"]
[BlackTeamCountry "GER"]

1. e4 c5 2. Nf3 e6 3. d3 d5 4. Nbd2 Nc6 5. g3 g6 6. Bg2 Bg7 7. 0-0 Nge7 8. c3 0-0 9. Re1 e5 10. exd5 Nxd5 11. Nc4 Re8 12. Ng5 Nb6 13. Qb3 Be6 14. Nxe6 Rxe6 15. Be3 Nxc4 16. Qxc4 Rc8 17. Rad1 b6 18. a4 Rd6 19. f4 Rc7 20. Bxc6 Rdxc6 21. Rf1 Re6 22. f5 gxf5 23. Rxf5 e4 24. Rd5 Qe7 25. dxe4 Rxe4 26. Rd8+ Bf8 27. Qxe4 Qxe4 28. Bh6 Qe7 29. Rxf8+ Qxf8 30. Bxf8 Kxf8 31. Kf2 Ke7 32. Rd5 Ke6 33. c4 1/2-1/2

[Event "Rostock SSC op 16th"]
[Site "Rostock"]
[Date "2017.07.28"]
[Round "4"]
[White "Roehr, Tobias"]
[Black "Kuckelkorn, Joerg"]
[Result "0-1"]
[WhiteElo "2065"]
[BlackElo "1813"]
[PlyCount "78"]
[EventDate "2017.07.26"]
[EventType "swiss"]
[EventRounds "7"]
[EventCountry "GER"]
[SourceTitle "EXT 2018"]
[Source "ChessBase"]
[SourceDate "2017.10.13"]
[SourceVersion "1"]
[SourceVersionDate "2017.10.13"]
[SourceQuality "1"]

1. d4 f5 2. c4 Nf6 3. g3 g6 4. Nc3 Bg7 5. Bg2 d6 6. Nf3 0-0 7. 0-0 Nc6 8. Rb1 e5 9. d5 Ne7 10. e4 f4 11. b4 Nh5 12. c5 Kh8 13. Ba3 Ng8 14. b5 Nh6 15. cxd6 cxd6 16. b6 a6 17. Nd2 Nf7 18. g4 Nf6 19. f3 h5 20. h3 Ne8 21. Nc4 Rb8 22. Qb3 Bf6 23. Rfc1 Bh4 24. Rc2 Qg5 25. Nd1 Kg7 26. Qc3 Bd7 27. Nf2 Kh8 28. Nd3 Rc8 29. Bc1 Bg3 30. Qa1 Nf6 31. Rbb2 Bb5 32. Rb4 hxg4 33. fxg4 Bh2+ 34. Kxh2 Nxg4+ 35. Kg1 Rxc4 36. Rbxc4 Bxc4 37. Nxf4 Qh4 38. hxg4 Qe1+ 39. Bf1 Qxf1+ 0-1

[Event "Rostock SSC op 16th"]
[Site "Rostock"]
[Date "2017.07.27"]
[Round "3"]
[White "Szelag, Marcin"]
[Black "Roehr, Tobias"]
[Result "1-0"]
[WhiteElo "2456"]
[BlackElo "2065"]
[PlyCount "75"]
[EventDate "2017.07.26"]
[EventType "swiss"]
[EventRounds "7"]
[EventCountry "GER"]
[SourceTitle "EXT 2018"]
[Source "ChessBase"]
[SourceDate "2017.10.13"]
[SourceVersion "1"]
[SourceVersionDate "2017.10.13"]
[SourceQuality "1"]

1. e4 c5 2. Nf3 e6 3. d4 cxd4 4. Nxd4 Nc6 5. Nc3 Qc7 6. Be2 a6 7. 0-0 Nf6 8. Be3 Bb4 9. Na4 Bd6 10. g3 Be7 11. Nxc6 bxc6 12. Nb6 Rb8 13. Nxc8 Rxc8 14. Bxa6 Rb8 15. Bd3 Rxb2 16. Bd4 Rb4 17. c3 Rb7 18. e5 Nd5 19. c4 Nb4 20. Be4 0-0 21. Qa4 Rbb8 22. a3 c5 23. Bc3 Nc6 24. Bxc6 dxc6 25. Qc2 Ra8 26. a4 Ra7 27. a5 Rfa8 28. f4 Bd8 29. Ra3 Qc8 30. Rb1 Ra6 31. h4 g6 32. h5 gxh5 33. Qd1 R8a7 34. Qxh5 Qd7 35. Rd1 Qc8 36. f5 Rd7 37. f6 Rxd1+ 38. Qxd1 1-0

[Event "Rostock SSC 07 op 15th"]
[Site "Rostock"]
[Date "2016.07.27"]
[Round "1"]
[White "Gazizov, Max"]
[Black "Roehr, Tobias"]
[Result "0-1"]
[WhiteElo "1410"]
[BlackElo "1836"]
[PlyCount "64"]
[EventDate "2016.07.27"]
[EventType "swiss"]
[EventRounds "7"]
[EventCountry "GER"]
[SourceTitle "EXT 2017"]
[Source "ChessBase"]
[SourceDate "2016.10.25"]
[SourceVersion "1"]
[SourceVersionDate "2016.10.25"]
[SourceQuality "1"]

1. d4 Nf6 2. c4 e6 3. Nc3 d5 4. e3 b6 5. Nf3 Be7 6. Bd3 c5 7. 0-0 0-0 8. Qe2 Nc6 9. a3 dxc4 10. Bxc4 cxd4 11. Rd1 Qc7 12. Nb5 Qb8 13. Nbxd4 Bb7 14. b4 Bd6 15. Nb5 Be5 16. Bb2 a6 17. Nxe5 Nxe5 18. Nd6 Nxc4 19. Nxc4 Kh8 20. Nxb6 Bxg2 21. Nxa8 Qxa8 22. Bxf6 gxf6 23. Rd4 Rg8 24. Rg4 Bf3 25. Rxg8+ Qxg8+ 26. Kf1 Qg2+ 27. Ke1 Bxe2 28. Kxe2 Qxh2 29. a4 Qh5+ 30. Kd2 Qd5+ 31. Kc1 Qc4+ 32. Kd1 Qf1+ 0-1

[Event "GER-ch U14"]
[Site "Willingen"]
[Date "2016.05.17"]
[Round "5"]
[White "Lesny, Florian"]
[Black "Roehr, Tobias"]
[Result "1/2-1/2"]
[WhiteElo "1784"]
[BlackElo "1936"]
[PlyCount "47"]
[EventDate "2016.05.15"]
[EventType "swiss"]
[EventRounds "9"]
[EventCountry "GER"]
[SourceTitle "CBM 172 Extra"]
[Source "ChessBase"]
[SourceDate "2016.06.21"]
[SourceVersion "1"]
[SourceVersionDate "2016.06.21"]
[SourceQuality "1"]

1. e4 c5 2. Nf3 e6 3. d4 cxd4 4. Nxd4 Nc6 5. Nc3 Qc7 6. Be2 a6 7. Be3 Nf6 8. 0-0 Bb4 9. Na4 0-0 10. Nxc6 bxc6 11. f4 d5 12. e5 Nd7 13. c4 Bb7 14. c5 Qb8 15. a3 Ba5 16. Bd3 Bc7 17. Qh5 f5 18. Rf3 Rf7 19. Rh3 Nf8 20. Qe2 a5 21. Qc2 Ba6 22. Bd4 Ng6 23. Bxa6 Rxa6 24. Rb3 1/2-1/2

[Event "GER-ch U12"]
[Site "Willingen"]
[Date "2015.05.30"]
[Round "11"]
[White "Brueckner, Alexander"]
[Black "Roehr, Tobias"]
[Result "0-1"]
[WhiteElo "1780"]
[BlackElo "1709"]
[PlyCount "74"]
[EventDate "2015.05.24"]
[EventType "swiss"]
[EventRounds "11"]
[EventCountry "GER"]
[SourceTitle "CBM 166 Extra"]
[Source "ChessBase"]
[SourceDate "2015.06.18"]
[SourceVersion "1"]
[SourceVersionDate "2015.06.18"]
[SourceQuality "1"]

1. d4 Nf6 2. Nf3 e6 3. g3 d5 4. c3 c5 5. Bg2 Nc6 6. Nbd2 b6 7. 0-0 Ba6 8. Re1 Rc8 9. b3 cxd4 10. Nxd4 Nxd4 11. cxd4 Bb4 12. Bb2 0-0 13. a3 Bd6 14. Rc1 Qd7 15. e3 Bb7 16. Qe2 Bc6 17. Bf1 Rc7 18. Rc3 Kh8 19. Qd3 Ng8 20. Nf3 f5 21. Rec1 Nf6 22. R3c2 Ne4 23. h4 h6 24. b4 Ba4 25. Rxc7 Bxc7 26. Qe2 g5 27. hxg5 hxg5 28. Nd2 Nxd2 29. Qxd2 f4 30. b5 fxg3 31. fxg3 Bxg3 32. Qb4 Qf7 33. Qd2 Bf2+ 34. Kh2 Qf3 35. Bg2 Qg3+ 36. Kh1 Qh4+ 37. Bh3 Qxh3# 0-1